000 00507nam a2200181Ia 4500
005 20250508160504.0
008 008 250505s9999 xx 000 0 eng d
037 _aBooks to be hide in OPAC
040 _aFEDL
_beng
_cFEDL
041 _aeng
_2eng
084 _a546, SON
_qFEDL
100 _aSoni P L
_9636002
245 0 _aFundamental inorganic chemistry
260 _aDelhi, India
_bSultan Chand and Sons
_c1968
300 _aiii,696p
942 _cHB
_h546, SON
999 _c1364923
_d1364923